Regulação e infraestrutura / (Record no. 217)

MARC details
000 -LÍDER
Campo Fixo de Controle 00956cam a2200265 a 4500
001 - NÚMERO DE CONTROLE
Campo de Controle 217
003 - IDENTIFICAÇÃO DO NÚMERO DE CONTROLE
Campo de Controle BR-CuiBMT
005 - DATA E HORA DA ÚLTIMA ATUALIZAÇÃO
Campo de Controle 20231114004221.0
008 - DADOS FIXOS
Dados Fixos 230831s2018 mgba 000 0 por d
020 ## - INTERNATIONAL STANDARD BOOK NUMBER
Nº do ISBN 9788545005421
040 ## - AGÊNCIA CATALOGADORA
Código da Agência Catalogadora BR-CuiBMT
Agência que transcreveu o registro BR-CuiBMT
080 ## - Nº DA CLASSIFICAÇÃO DECIMAL UNIVERSAL
Nº edição CDU 2007
Nº Class. CDU 351.94
090 ## - NÚMERO DE CHAMADA
Nº classificação 351.94
Cutter R344
245 00 - TÍTULO PRINCIPAL
Título principal Regulação e infraestrutura /
Indicação de responsabilidade Alexandre Santos de Aragão, Anna Carolina Migueis Pereira, Letícia Lobato Anicet Lisboa, coordenadores.
260 ## - PUBLICAÇÃO, DISTRIBUIÇÃO, ETC.
Local de publicação Belo Horizonte :
Editora Fórum,
Data 2018.
300 ## - DESCRIÇÃO FÍSICA
N. páginas ou volumes 693 p. :
Ilustrações il. ;
Dimensões 24 cm
504 ## - NOTA DE BIBLIOGRAFIA, ETC.
Nota de bibliografia Inclui bibliografia.
650 ## - ASSUNTO TÓPICO
Cabeçalho tópico ou nome geográfico Agências reguladoras
Subdivisão geral Atividades privadas
Subdivisão geográfica Brasil
650 ## - ASSUNTO TÓPICO
Cabeçalho tópico ou nome geográfico Concessões administrativas
Subdivisão geográfica Brasil
650 ## - ASSUNTO TÓPICO
Cabeçalho tópico ou nome geográfico Direito regulatório
Subdivisão geral Serviços de infraestrutura
700 1# - ENTRADA SECUNDÁRIA -- NOME PESSOAL
Nome pessoal Aragão, Alexandre Santos de,
Datas associadas ao nome 1969-
Cód. do termo explicativo coord.
700 1# - ENTRADA SECUNDÁRIA -- NOME PESSOAL
Nome pessoal Pereira, Anna Carolina Migueis
Cód. do termo explicativo coord.
700 1# - ENTRADA SECUNDÁRIA -- NOME PESSOAL
Nome pessoal Lisboa, Letícia Lobato Anicet
Cód. do termo explicativo coord.
942 ## - ELEMENTOS DE ENTRADA ADICIONAIS (KOHA)
Fonte de classificação ou esquema de arquivamento Classificação Decimal Universal
Tipo de item do Koha Livros
Holdings
Estado: removido Estado: perdido Fonte de classificação ou esquema de arquivamento Estado: danificado Indisponível para empréstimo Localização permanente Localização atual Data de aquisição Total Checkouts Número de Chamada completo Código de barras Date last seen Número do exemplar Preço efetivo a partir de Tipo de item (Koha)
    Classificação Decimal Universal     Biblioteca da Escola Superior de Contas do TCE/MT Biblioteca da Escola Superior de Contas do TCE/MT 28/07/2023   351.94 R344 BIBTCEMT23080196 31/08/2023 Ex. 1 31/08/2023 Livros

Powered by Koha